Statistics for Best Selling Grand Theft Auto games

Click here to take the quiz!

General Stats

  • This quiz has been taken 73 times
  • The average score is 5 of 5

Answer Stats

Copies soldGame% Correct
25MGrand Theft Auto IV
100%
120MGrand Theft Auto V
100%
17.5MGrand Theft Auto III
99%
27.5MGrand Theft Auto: San Andreas
97%
20MGrand Theft Auto: Vice City
94%

Score Distribution

Percentile by Number Answered

Percent of People with Each Score

Your Score History

You have not taken this quiz